00000000cam 2200000zi 4500
0019.962703
003CaOODSP
00520260511102027
006m     o  d f      
007cr cn|||||||||
008260511e202605##onca    ob   f000 0 eng d
040 |aCaOODSP|beng|erda|cCaOODSP
043 |an-cn---
0861 |aYC34-0/451-2E-PDF
1101 |aCanada. |bParliament. |bSenate. |bStanding Committee on Official Languages, |eauthor, |eissuing body.
24510|aProposed official languages administrative monetary penalties regulations : |binterim report of the Standing Senate Committee on Official Languages / |cthe Honourable Allister Surette, chair ; the Honourable Rose-May Poirier, deputy chair.
24613|aProposed official languages administrative monetary penalties regulations
24613|aInterim report on the proposed official languages administrative monetary penalties regulations
264 1|a[Ottawa] : |bSenate, Canada = Sénat, Canada, |cMay 2026.
300 |a1 online resource (20 pages) : |bcolour illustrations.
336 |atext|btxt|2rdacontent
337 |acomputer|bc|2rdamedia
338 |aonline resource|bcr|2rdacarrier
4901 |aInterim report of the Standing Senate Committee on Official Languages ; |v[2nd report, 45th Parliament, 1st Session]
500 |aIssued also in French under title: Projet de règlement sur les sanctions administratives pécuniaires en matière de langues officielles : rapport intérimaire du Comité sénatorial permanent des langues officielles.
500 |aTitle from cover.
504 |aIncludes bibliographical references.
61010|aCanada. |tOfficial Languages Act (1988)
650 0|aLinguistic rights|zCanada.
650 0|aSanctions, Administrative|zCanada.
650 0|aTravelers|xServices for|zCanada.
651 0|aCanada|xLanguages|xLaw and legislation.
7001 |aSurette, Allister W., |d1961-
7001 |aPoirier, Rose-May, |d1954-
77508|tProjet de règlement sur les sanctions administratives pécuniaires en matière de langues officielles : |w(CaOODSP)9.962704
830#0|aReport of the Standing Senate Committee on Official Languages ;|v2nd report, 45th Parliament, 1st Session.|w(CaOODSP)9.505258
85640|qPDF|s1.65 MB|uhttps://publications.gc.ca/collections/collection_2026/sen/yc34-0/YC34-0-451-2-eng.pdf